000 00353 a2200157 4500
001 72333
020 _a8526703498
040 _cAnchieta - Colégio São Paulo
100 _aSérafini, Dominique
240 1 0 _aA onda de fogo
_lpor
245 1 0 _aA onda de fogo
300 _a48
362 0 _a1991
650 4 _aLiteratura infanto-juvenil
942 _cBK
999 _c72333
_d72333